000 00619nam a22002177a 4500
003 OSt
005 20251126144413.0
008 251126b |||||||| |||| 00| 0 eng d
020 _a981-4057-96-7.
040 _aDWCL-Main lib
_cOC
082 _29th Ed.
_aCirc. 658.1511 L926m 2000
100 _aJoseph G. Louderback III
245 _aManagerial accounting/
_cJoseph G. Louderback III
260 _bThomson Learning
300 _axix, 879 p. ;
_c25 cm.
504 _aIncludes index
650 _aAccounting.
700 _aJay S. Holmen
700 _aGeraldine F. Dominiak
942 _2ddc
_cBK-CIRC
_e9th Ed.
_kCirc.
_n0
999 _c6404
_d6404